000 01247cam a22003497a 4500
003 CHAP
005 20220329135434.0
008 971013d1981 mx a r 00110 spa d
010 _a36485
011 _a37457
035 _a41577
040 _cCHAP
082 0 4 _a632.8
_bP5
100 0 0 _aPinto Cortés, Benito.
_988287
245 1 0 _aVirología agrícola
260 _aChapingo, Méx. :
_bUACH. Departamento de Parasitología Agrícola,
_c1981
300 _a175 h. :
_bilus.
590 _aBATCH-UPD
_b10
_c20130110
_lUCH01
_h1022
590 _aBATCH-UPD
_b10
_c20130410
_lUCH01
_h0627
590 _aBATCH-UPD
_b10
_c20130914
_lUCH01
_h1917
590 _aCONVERSION
_b10
_c20130109
_lUCH01
_h1320
650 1 4 _aPlantas
_xEnfermedades por virus.
_988834
650 1 4 _aViroides.
_9119932
650 1 4 _aVirus.
_9119936
901 _aBK
942 _cLIBRO
949 _a632.8 P5
_bBC
_cLIBRO
_d33724000768628
_eLIBRO
_fc.2
_h56378
_i41577
_mD
_si
949 _a632.8 P5
_bBC
_cLIBRO
_d33724000904140
_eLIBRO
_fc.4
_h56380
_i41577
_mD
_si
949 _a632.8 P5
_bBC
_cLIBRO
_d33724000918611
_eLIBRO
_h56377
_i41577
_mD
_si
949 _a632.8 P5
_bBC
_cMUT
_d33724000181442
_eMUT
_fc.3
_h56379
_i41577
_mD
_si
949 _a632.8 P5
_bBC
_cUACH
_d-95441
_eUACH
_fc.5
_h56381
_i41577
_mD
_si
999 _c36485
_d36485